书目信息 |
| 题名: |
劝人妙法
|
|
| 作者: | 肖易 , 孙远刚 编写 | |
| 分册: | ||
| 出版信息: | 大连 大连出版社 1991.5 |
|
| 页数: | 186页 | |
| 开本: | 19cm | |
| 丛书名: | 妙绝书对之一 | |
| 单 册: | ||
| 中图分类: | C912.1 | |
| 科图分类: | 59.88 | |
| 主题词: | 谈话法 | |
| 电子资源: | ||
| ISBN: | 7-80555-403-X | |
| 000 | 00818nam2 2200265 45 | |
| 001 | 0192008199 | |
| 005 | 20070724090749.53 | |
| 010 | @a7-80555-403-X@dCNY2.65 | |
| 100 | @a19920327d1991 em y0chiy0121 ea | |
| 101 | 0 | @achi |
| 102 | @aCN@b210000 | |
| 105 | @ay z 000yy | |
| 200 | 10 | @a劝人妙法@AQUAN REN MIAO FA@e怎样让别人听信你的话@EZEN YANG RANG BIE REN TING XIN NI DE HUA@f肖 易,孙远刚编写@FXIAO YI , SUN YUAN GANG BIAN XIE |
| 210 | @a大连@c大连出版社@d1991.5@h1992 | |
| 215 | @a186页@d19cm | |
| 225 | 2 | @a妙绝书对之一@vB@f林 三策划 |
| 410 | 0 | @120010@a妙绝书对之一 |
| 540 | 1 | @a劝人@AQUAN REN |
| 606 | @a谈话法 | |
| 690 | @aC912.1@v三版 | |
| 692 | @a59.88 | |
| 701 | 0 | @a肖易@AXIAO YI@4编写 |
| 701 | 0 | @a孙远刚@ASUN YUAN GANG@4编写 |
| 801 | 0 | @aCN@bTSSF@c20070724 |
| 905 | @a10447@dC912.1@e598 | |
| 劝人妙法:怎样让别人听信你的话/肖 易,孙远刚编写.-大连:大连出版社,1991.5(1992) |
| 186页;19cm.-(妙绝书对之一;B/林 三策划) |
| ISBN 7-80555-403-X:CNY2.65 |
| ● |
| 相关链接 |
|
|
|
|
正题名:劝人妙法
索取号:C912.1/598
 
预约/预借
| 序号 | 登录号 | 条形码 | 馆藏地/架位号 | 状态 | 备注 |
| 1 | 0767158 | 207671580 | 第一样本阅览室/ [索取号:C912.1/598] | 在馆 |